000 00374nam a2200121 4500
050 _aHC 103
_b.U54
245 _aAn outline of the American economy
_cUnited States Information Agency
260 _a[s.l.]
_bUnited States Information Agency
_c[1984]
300 _8212 p.
650 _bUnited States
_xEconomic policy
650 _bUnited States
_xEconomic conditions.
942 _cGEN
999 _c3646
_d3646